| 000 | 01373cam a22003857a 4500 | ||
|---|---|---|---|
| 001 | 15302339 | ||
| 003 | OSt | ||
| 005 | 20180116192424.0 | ||
| 008 | 080519s2008 sz a b 000 0 eng | ||
| 010 | _a 2008929013 | ||
| 015 |
_aGBA825924 _2bnb |
||
| 016 | 7 |
_a014537752 _2Uk |
|
| 020 | _a9783764387181 (hbk.) | ||
| 020 | _a3764387181 (hbk.) | ||
| 035 | _a(OCoLC)ocn212327995 | ||
| 040 |
_aUKM _cUKM _dYDXCP _dBTCTA _dBAKER _dOHX _dOCO _dBWX _dOCLCQ _dIXA _dDLC |
||
| 041 | 1 |
_aeng _hger |
|
| 042 | _alccopycat | ||
| 050 | 0 | 0 |
_aNA2545.A3 _bH47 2008 |
| 082 | 0 | 4 |
_a745.20846 _222 |
| 100 | 1 |
_aHerwig, Oliver. _97846 |
|
| 245 | 1 | 0 |
_aUniversal design : _bsolutions for a barrier-free living / _cOliver Herwig. |
| 260 |
_aBasel ; _aBoston : _bBirkhäuser, _c2008. |
||
| 300 |
_a175 p. : _bill. (chiefly col.) ; _c26 cm. |
||
| 500 | _a"Translation from German into English: Laura Bruce"--Colophon. | ||
| 504 | _aIncludes bibliographical references (p. 173-174). | ||
| 650 | 0 |
_aBarrier-free design for older people. _97847 |
|
| 650 | 0 |
_aIndustrial design _xSocial aspects. _97848 |
|
| 650 | 0 |
_aOlder consumers. _97849 |
|
| 856 | 4 | 1 |
_3Table of contents only _uhttp://www.loc.gov/catdir/toc/fy1001/2008929013.html |
| 906 |
_a7 _bcbc _ccopycat _d2 _eepcn _f20 _gy-gencatlg |
||
| 942 |
_2ddc _cBK |
||
| 999 |
_c354027 _d354027 |
||